| 000 | 02483nam a2200373 a 4500 | ||
|---|---|---|---|
| 001 | 000000527 | ||
| 005 | 20200929145344.0 | ||
| 008 | 081201t2005 dr abd 001 0 spa d | ||
| 020 | _a9993423602 | ||
| 020 | _a9789993423607 | ||
| 040 |
_aDO-SdBNP _bspa _cBNPHU |
||
| 082 |
_a917.293 _bG112s, 2005 |
||
| 100 | 1 |
_aGabb, Williams M., _d1839-1878 _91740 |
|
| 240 | 1 | 0 |
_aOn the topography and geology of Santo Domingo. _lespañol |
| 245 | 1 | 0 |
_aSobre la topografía y geología de Santo Domingo / _cWilliams M. Gabb ; presentación Romeo A. Llinás, Iván Tavares C. ; traductor Ramón Cedano Melo. |
| 250 | _a2a ed. | ||
| 260 |
_aSanto Domingo : _bSociedad Dominicana de Bibliófilos, _c2005. |
||
| 300 |
_a292 p. : _bil., mapa ; _c23 cm. |
||
| 490 | 1 |
_aBibliófilos 2000 _v15 |
|
| 500 | _aExtracto de las memorias de la Sociedad Filosófica Americana | ||
| 500 | _aTraducido del inglés | ||
| 504 | _aIncluye bibliografía y notas al pie de páginas. | ||
| 504 | _aBibliografía: p. 281-283. | ||
| 505 | 0 |
_aIntroducción / _rMariano Mella -- _tPerfil biográfico del autor / _rOctavio Amiama de Castro -- _tPresentación / _rRomeo A. Llinás, Iván Tavares C. -- _tIntroducción / _rWilliams M. Gabb -- _gArtículo. IV. Sobre la topografía y geología de Santo Domingo (leído ante la Sociedad Filosófica Americana, 18 de octubre de 1872) : _gParte I. _tDescripción topográfica : _tTopografía de la Cordillera Central -- _tTopografía de la región al norte de la Cordillera Central -- _tTopografía de la región al sur de la Cordillera Central -- _gParte II. _tFormaciones geológicas : _tEl grupo sierra -- _tRocas intrusivas -- _tEl mioceno -- _tPost-plioceno o formación costera -- _gParte III. _tGeología local : _tGeología de la Cordillera Central -- _tGeología de los valles y estribaciones norte de la Cordillera Central -- _tGeología de la Sierra de Monte Cristi -- _tGeología de Samaná -- _tGeología de la región al sur de la Cordillera Central -- _gParte IV. Paleontología : _tCatálogo descriptivo de los molúscos fósiles -- _tReferencias. |
|
| 650 | 4 |
_aTopografía _zRepública Dominicana _91741 |
|
| 650 | 4 |
_aGeología _zRepública Dominicana _91742 |
|
| 650 | 4 |
_aPaleontología _91743 |
|
| 700 | 1 |
_aCedano Melo, Ramón, _etr. _91744 |
|
| 700 | 1 |
_aLlinás, Romeo A., _epról. _91745 |
|
| 700 | 1 |
_aTavares C., Iván, _epról. _91746 |
|
| 710 | 1 | 2 |
_aSociedad Filosófica Americana _91747 |
| 830 | 0 |
_aBibliófilos 2000 _n15 _91748 |
|
| 910 | _aValidado. Control de calidad BNPHU | ||
| 999 |
_c525 _d525 |
||